000 00515nam a22001697a 4500
008 151015b xxu||||| |||| 00| 0 eng d
020 _a0395815320
041 0 _aeng
080 _a94(7/8)
245 0 0 _aMajor problems in American immigration and ethnic history :
_cedited by Jon Gjerde.
260 _cc1998.
_aBoston :
_bHoughton Mifflin,
300 _axvii, 486 f. ;
_bme il.;
_c24 cm.
650 0 _aHistoria
_zAmerika
650 0 _aImigrantët
700 1 _aGjerde, Jon,
942 _2udc
_cBK
999 _c1287
_d1287